[Event "DVM U16 2021"]
[Site "Kiel GER"]
[Date "2022.07.24"]
[Round "4"]
[White "Günther, Fabian"]
[Black "Schedel, Loris"]
[Result "1/2-1/2"]
[Termination "normal"]
[Board "8.3"]
[WhiteElo "1485"]
[BlackElo "1520"]
[WhiteClock "00:03:40"]
[BlackClock "00:01:39"]
[WhiteTeam "USV TU Dresden"]
[BlackTeam "SF 1876 Göppingen"]
[PlyCount "100"]
[WhiteFideId "16240294"]
[BlackFideId "16255542"]
[EventCountry "GER"]
[EventRounds "7"]
[EventType "team-swiss"]
[EventDate "2022.07.22"]

1. e4 {[%clk 01:30:56]} {[%emt 00:00:03]} e5 {[%clk 01:30:54]} {[%emt
00:00:06]} 2. Nf3 {[%clk 01:31:21]} {[%emt 00:00:07]} Nc6 {[%clk 01:31:18]}
{[%emt 00:00:04]} 3. c3 {[%clk 01:31:47]} {[%emt 00:00:05]} d5 {[%clk
01:31:21]} {[%emt 00:00:26]} 4. Qa4 {[%clk 01:32:10]} {[%emt 00:00:08]} Bd7
{[%clk 01:31:34]} {[%emt 00:00:16]} 5. exd5 {[%clk 01:32:34]} {[%emt 00:00:06]}
Nd4 {[%clk 01:31:49]} {[%emt 00:00:16]} 6. Qd1 {[%clk 01:32:58]} {[%emt
00:00:06]} Nxf3+ {[%clk 01:31:45]} {[%emt 00:00:33]} 7. Qxf3 {[%clk 01:33:22]}
{[%emt 00:00:06]} Nf6 {[%clk 01:31:57]} {[%emt 00:00:17]} 8. Bc4 {[%clk
01:33:45]} {[%emt 00:00:09]} Bd6 {[%clk 01:28:48]} {[%emt 00:03:38]} 9. O-O
{[%clk 01:32:04]} {[%emt 00:02:11]} O-O {[%clk 01:27:20]} {[%emt 00:01:58]} 10.
d3 {[%clk 01:29:36]} {[%emt 00:02:58]} h6 {[%clk 01:19:13]} {[%emt 00:08:38]}
11. h3 {[%clk 01:24:58]} {[%emt 00:05:07]} a5 {[%clk 01:15:27]} {[%emt
00:04:16]} 12. a4 {[%clk 01:23:51]} {[%emt 00:01:37]} Qe8 {[%clk 01:15:16]}
{[%emt 00:00:42]} 13. Bxh6 {[%clk 01:16:21]} {[%emt 00:07:59]} Ng4 {[%clk
01:02:56]} {[%emt 00:12:50]} 14. hxg4 {[%clk 01:10:35]} {[%emt 00:06:17]} gxh6
{[%clk 01:02:10]} {[%emt 00:01:15]} 15. Qf6 {[%clk 01:04:56]} {[%emt 00:06:09]}
Kh7 {[%clk 00:59:23]} {[%emt 00:03:16]} 16. Nd2 {[%clk 00:58:23]} {[%emt
00:07:04]} Rg8 {[%clk 00:57:56]} {[%emt 00:01:57]} 17. Ne4 {[%clk 00:58:05]}
{[%emt 00:00:48]} Rg6 {[%clk 00:57:05]} {[%emt 00:01:21]} 18. g5 {[%clk
00:46:52]} {[%emt 00:11:43]} Qf8 {[%clk 00:53:41]} {[%emt 00:03:52]} 19. Qf3
{[%clk 00:45:59]} {[%emt 00:01:23]} Qe7 {[%clk 00:49:23]} {[%emt 00:04:49]} 20.
Nf6+ {[%clk 00:45:17]} {[%emt 00:01:12]} Kg7 {[%clk 00:49:10]} {[%emt
00:00:43]} 21. Nxd7 {[%clk 00:15:28]} {[%emt 00:30:19]} Qxd7 {[%clk 00:49:27]}
{[%emt 00:00:14]} 22. g3 {[%clk 00:15:36]} {[%emt 00:00:22]} Rxg5 {[%clk
00:45:34]} {[%emt 00:04:24]} 23. Kg2 {[%clk 00:15:09]} {[%emt 00:00:57]} f5
{[%clk 00:45:13]} {[%emt 00:00:51]} 24. Rh1 {[%clk 00:14:42]} {[%emt 00:00:56]}
Rf8 {[%clk 00:43:49]} {[%emt 00:01:54]} 25. Rh3 {[%clk 00:13:37]} {[%emt
00:01:35]} f4 {[%clk 00:36:04]} {[%emt 00:08:14]} 26. Qe4 {[%clk 00:14:01]}
{[%emt 00:00:07]} Qf7 {[%clk 00:34:25]} {[%emt 00:02:09]} 27. Rah1 {[%clk
00:12:31]} {[%emt 00:02:00]} fxg3 {[%clk 00:31:48]} {[%emt 00:03:07]} 28. f3
{[%clk 00:12:32]} {[%emt 00:00:29]} h5 {[%clk 00:25:15]} {[%emt 00:07:02]} 29.
Rxg3 {[%clk 00:11:15]} {[%emt 00:01:48]} Rxg3+ {[%clk 00:24:04]} {[%emt
00:01:41]} 30. Kxg3 {[%clk 00:11:43]} {[%emt 00:00:02]} Qxf3+ {[%clk 00:22:43]}
{[%emt 00:01:51]} 31. Qxf3 {[%clk 00:11:52]} {[%emt 00:00:21]} e4+ {[%clk
00:23:03]} {[%emt 00:00:10]} 32. Kg2 {[%clk 00:10:37]} {[%emt 00:01:45]} exf3+
{[%clk 00:21:59]} {[%emt 00:01:34]} 33. Kf2 {[%clk 00:10:59]} {[%emt 00:00:08]}
Kg6 {[%clk 00:21:51]} {[%emt 00:00:38]} 34. Rh3 {[%clk 00:10:38]} {[%emt
00:00:51]} Kg5 {[%clk 00:21:24]} {[%emt 00:00:56]} 35. Rxf3 {[%clk 00:09:55]}
{[%emt 00:01:13]} Rxf3+ {[%clk 00:21:47]} {[%emt 00:00:08]} 36. Kxf3 {[%clk
00:10:24]} {[%emt 00:00:01]} h4 {[%clk 00:21:52]} {[%emt 00:00:25]} 37. d4
{[%clk 00:10:07]} {[%emt 00:00:47]} h3 {[%clk 00:22:05]} {[%emt 00:00:17]} 38.
Bf1 {[%clk 00:10:30]} {[%emt 00:00:08]} Kh4 {[%clk 00:20:13]} {[%emt 00:02:21]}
39. c4 {[%clk 00:10:42]} {[%emt 00:00:18]} b6 {[%clk 00:20:30]} {[%emt
00:00:13]} 40. b3 {[%clk 00:10:57]} {[%emt 00:00:15]} h2 {[%clk 00:19:04]}
{[%emt 00:01:56]} 41. Bg2 {[%clk 00:11:15]} {[%emt 00:00:11]} Kg5 {[%clk
00:19:12]} {[%emt 00:00:22]} 42. Ke4 {[%clk 00:04:44]} {[%emt 00:07:02]} Kg4
{[%clk 00:18:29]} {[%emt 00:01:13]} 43. Bh1 {[%clk 00:04:31]} {[%emt 00:00:44]}
Kg3 {[%clk 00:17:56]} {[%emt 00:01:03]} 44. Kf5 {[%clk 00:04:47]} {[%emt
00:00:13]} Kf2 {[%clk 00:18:17]} {[%emt 00:00:08]} 45. Ke6 {[%clk 00:05:12]}
{[%emt 00:00:06]} Ke3 {[%clk 00:18:33]} {[%emt 00:00:13]} 46. c5 {[%clk
00:04:29]} {[%emt 00:01:14]} bxc5 {[%clk 00:17:09]} {[%emt 00:01:54]} 47. dxc5
{[%clk 00:04:55]} {[%emt 00:00:04]} Bxc5 {[%clk 00:16:31]} {[%emt 00:01:07]}
48. Kd7 {[%clk 00:05:19]} {[%emt 00:00:07]} Bd6 {[%clk 00:14:47]} {[%emt
00:02:15]} 49. Kc6 {[%clk 00:05:38]} {[%emt 00:00:11]} Kd4 {[%clk 00:09:46]}
{[%emt 00:05:30]} 50. Kb5 {[%clk 00:03:40]} {[%emt 00:02:27]} Bb4 {[%clk
00:01:39]} {[%emt 00:08:37]} 1/2-1/2

[Event "DVM U16 2021"]
[Site "Kiel GER"]
[Date "2022.07.24"]
[Round "4"]
[White "Heilig, Tim Markus"]
[Black "Andreas, Bruno"]
[Result "1-0"]
[Termination "normal"]
[Board "8.4"]
[WhiteElo "1365"]
[BlackElo "1490"]
[WhiteClock "00:49:19"]
[BlackClock "00:28:14"]
[WhiteTeam "SF 1876 Göppingen"]
[BlackTeam "USV TU Dresden"]
[PlyCount "41"]
[WhiteFideId "16295935"]
[BlackFideId "16274210"]
[EventCountry "GER"]
[EventRounds "7"]
[EventType "team-swiss"]
[EventDate "2022.07.22"]

1. c4 {[%clk 01:30:56]} c5 {[%clk 01:30:45]} {[%emt 00:00:16]} 2. Nf3 {[%clk
01:31:21]} {[%emt 00:00:05]} g6 {[%clk 01:30:44]} {[%emt 00:00:32]} 3. g3
{[%clk 01:31:44]} {[%emt 00:00:06]} Bg7 {[%clk 01:31:01]} {[%emt 00:00:13]} 4.
Bg2 {[%clk 01:32:02]} {[%emt 00:00:12]} e6 {[%clk 01:30:20]} {[%emt 00:01:11]}
5. O-O {[%clk 01:28:49]} {[%emt 00:03:43]} Ne7 {[%clk 01:30:26]} {[%emt
00:00:24]} 6. Nc3 {[%clk 01:27:04]} {[%emt 00:02:15]} O-O {[%clk 01:30:36]}
{[%emt 00:00:21]} 7. d4 {[%clk 01:25:25]} {[%emt 00:02:08]} cxd4 {[%emt
00:03:00]} 8. Nxd4 {[%emt 00:01:40]} Nbc6 {[%clk 01:25:37]} {[%emt 00:00:49]}
9. Ndb5 {[%clk 01:22:12]} {[%emt 00:03:42]} a6 {[%clk 01:14:30]} {[%emt
00:11:38]} 10. Nd6 {[%clk 01:21:52]} {[%emt 00:00:50]} Bxc3 {[%emt 00:01:05]}
11. bxc3 {[%emt 00:00:37]} Nf5 {[%clk 01:10:11]} {[%emt 00:03:08]} 12. c5
{[%clk 01:19:31]} {[%emt 00:02:50]} Qa5 {[%clk 01:08:15]} {[%emt 00:02:25]} 13.
Ne4 {[%clk 01:17:08]} {[%emt 00:02:54]} Ra7 {[%clk 00:55:36]} {[%emt 00:13:09]}
14. Bg5 {[%clk 01:11:06]} {[%emt 00:06:32]} h6 {[%clk 00:43:17]} {[%emt
00:12:49]} 15. Bf6 {[%clk 01:08:53]} {[%emt 00:02:43]} b6 {[%clk 00:43:13]}
{[%emt 00:00:34]} 16. Qd2 {[%clk 01:06:34]} {[%emt 00:02:49]} Kh7 {[%clk
00:38:45]} {[%emt 00:04:58]} 17. g4 {[%clk 01:02:09]} {[%emt 00:04:55]} Ng7
{[%clk 00:38:27]} {[%emt 00:00:48]} 18. Qd6 {[%clk 00:59:39]} {[%emt 00:02:59]}
Re8 {[%clk 00:34:24]} {[%emt 00:04:35]} 19. c4 {[%clk 00:52:37]} {[%emt
00:07:31]} Kh8 {[%clk 00:31:19]} {[%emt 00:03:35]} 20. Bc3 {[%clk 00:51:12]}
{[%emt 00:01:54]} Qa3 {[%clk 00:28:14]} {[%emt 00:03:35]} 21. cxb6 {[%clk
00:49:19]} {[%emt 00:02:23]} 1-0

[Event "DVM U16 2021"]
[Site "Kiel GER"]
[Date "2022.07.24"]
[Round "4"]
[White "Hahn, Peter"]
[Black "Zhou, Lepu Coco"]
[Result "1/2-1/2"]
[Termination "normal"]
[Board "9.1"]
[WhiteElo "1670"]
[BlackElo "1986"]
[WhiteClock "01:30:27"]
[BlackClock "01:11:24"]
[WhiteTeam "SK Kelheim 1920"]
[BlackTeam "SC Weisse Dame e.V."]
[PlyCount "40"]
[WhiteFideId "34627316"]
[BlackFideId "16217136"]
[EventCountry "GER"]
[EventRounds "7"]
[EventType "team-swiss"]
[EventDate "2022.07.22"]

1. d4 {[%clk 01:30:58]} {[%emt 00:00:02]} d5 {[%clk 01:30:52]} {[%emt
00:00:10]} 2. c4 {[%clk 01:31:21]} {[%emt 00:00:04]} dxc4 {[%clk 01:31:12]}
{[%emt 00:00:11]} 3. Nf3 {[%clk 01:31:45]} {[%emt 00:00:06]} Nf6 {[%clk
01:31:26]} {[%emt 00:00:15]} 4. e3 {[%clk 01:32:09]} {[%emt 00:00:07]} e6
{[%clk 01:31:47]} {[%emt 00:00:09]} 5. Bxc4 {[%clk 01:32:22]} {[%emt 00:00:17]}
a6 {[%clk 01:31:59]} {[%emt 00:00:17]} 6. O-O {[%clk 01:32:28]} {[%emt
00:00:25]} c5 {[%clk 01:32:04]} {[%emt 00:00:25]} 7. dxc5 {[%clk 01:32:50]}
{[%emt 00:00:06]} Bxc5 {[%clk 01:32:20]} {[%emt 00:00:15]} 8. Qxd8+ {[%clk
01:33:12]} {[%emt 00:00:08]} Kxd8 {[%clk 01:32:46]} {[%emt 00:00:04]} 9. a3
{[%clk 01:31:48]} {[%emt 00:01:54]} b5 {[%clk 01:30:50]} {[%emt 00:02:26]} 10.
Be2 {[%clk 01:31:47]} {[%emt 00:00:31]} Bb7 {[%clk 01:29:10]} {[%emt 00:02:10]}
11. b4 {[%clk 01:32:02]} {[%emt 00:00:16]} Bb6 {[%clk 01:29:07]} {[%emt
00:00:33]} 12. Bb2 {[%clk 01:32:04]} {[%emt 00:00:28]} Ke7 {[%clk 01:28:39]}
{[%emt 00:00:58]} 13. Nbd2 {[%clk 01:30:10]} {[%emt 00:02:23]} Nbd7 {[%clk
01:26:34]} {[%emt 00:02:35]} 14. Nb3 {[%clk 01:29:25]} {[%emt 00:01:16]} Rac8
{[%clk 01:22:46]} {[%emt 00:04:18]} 15. Rac1 {[%clk 01:29:47]} {[%emt
00:00:08]} Rxc1 {[%clk 01:15:55]} {[%emt 00:07:20]} 16. Rxc1 {[%clk 01:30:10]}
{[%emt 00:00:07]} Rc8 {[%clk 01:15:54]} {[%emt 00:00:32]} 17. Rxc8 {[%clk
01:30:34]} {[%emt 00:00:06]} Bxc8 {[%clk 01:16:20]} {[%emt 00:00:04]} 18. Nfd4
{[%clk 01:29:51]} {[%emt 00:01:12]} Bb7 {[%clk 01:15:49]} {[%emt 00:01:01]} 19.
Bf3 {[%clk 01:30:04]} {[%emt 00:00:17]} Bxf3 {[%clk 01:16:10]} {[%emt
00:00:10]} 20. Nxf3 {[%clk 01:30:27]} {[%emt 00:00:07]} h6 {[%clk 01:11:24]}
{[%emt 00:05:15]} 1/2-1/2

[Event "DVM U16 2021"]
[Site "Kiel GER"]
[Date "2022.07.24"]
[Round "4"]
[White "Tham, Nam"]
[Black "Gold, Michael"]
[Result "1-0"]
[Termination "normal"]
[Board "9.2"]
[WhiteElo "1951"]
[BlackElo "1383"]
[WhiteClock "01:23:56"]
[BlackClock "01:27:48"]
[WhiteTeam "SC Weisse Dame e.V."]
[BlackTeam "SK Kelheim 1920"]
[PlyCount "47"]
[WhiteFideId "12997331"]
[BlackFideId "34605169"]
[EventCountry "GER"]
[EventRounds "7"]
[EventType "team-swiss"]
[EventDate "2022.07.22"]

1. e4 {[%clk 01:30:58]} {[%emt 00:00:02]} c6 {[%clk 01:30:57]} {[%emt
00:00:03]} 2. Nc3 {[%clk 01:31:21]} {[%emt 00:00:07]} d5 {[%clk 01:31:23]}
{[%emt 00:00:03]} 3. Nf3 {[%clk 01:31:39]} {[%emt 00:00:12]} dxe4 {[%clk
01:31:48]} {[%emt 00:00:06]} 4. Nxe4 {[%clk 01:32:04]} {[%emt 00:00:07]} Nf6
{[%clk 01:32:15]} 5. Ng3 {[%clk 01:30:44]} {[%emt 00:01:50]} h5 {[%clk
01:32:36]} {[%emt 00:00:08]} 6. h4 {[%clk 01:31:05]} {[%emt 00:00:09]} Bg4
{[%clk 01:33:00]} {[%emt 00:00:05]} 7. Be2 {[%clk 01:29:51]} {[%emt 00:01:45]}
e6 {[%clk 01:32:26]} {[%emt 00:01:04]} 8. Ne5 {[%clk 01:29:58]} {[%emt
00:00:22]} Bxe2 {[%clk 01:32:24]} {[%emt 00:00:32]} 9. Qxe2 {[%clk 01:30:15]}
{[%emt 00:00:14]} Bd6 {[%clk 01:32:31]} {[%emt 00:00:23]} 10. b3 {[%clk
01:30:24]} {[%emt 00:00:21]} Qc7 {[%clk 01:32:09]} {[%emt 00:00:51]} 11. Bb2
{[%clk 01:30:47]} {[%emt 00:00:07]} Nbd7 {[%clk 01:31:29]} {[%emt 00:01:11]}
12. Nxd7 {[%clk 01:30:28]} {[%emt 00:00:50]} Qxd7 {[%clk 01:31:34]} {[%emt
00:00:24]} 13. Bxf6 {[%clk 01:28:21]} {[%emt 00:02:37]} gxf6 {[%clk 01:31:53]}
{[%emt 00:00:10]} 14. Nxh5 {[%clk 01:28:48]} {[%emt 00:00:04]} Be5 {[%clk
01:31:42]} {[%emt 00:00:41]} 15. c3 {[%clk 01:29:01]} {[%emt 00:00:17]} c5
{[%clk 01:30:15]} {[%emt 00:01:57]} 16. f4 {[%clk 01:28:48]} {[%emt 00:00:43]}
Rxh5 {[%clk 01:30:32]} {[%emt 00:00:13]} 17. Qxh5 {[%clk 01:29:09]} {[%emt
00:00:09]} O-O-O {[%clk 01:30:28]} {[%emt 00:00:33]} 18. fxe5 {[%clk 01:27:52]}
{[%emt 00:01:48]} Qxd2+ {[%clk 01:30:51]} {[%emt 00:00:06]} 19. Kf1 {[%clk
01:28:19]} {[%emt 00:00:04]} Qb2 {[%clk 01:30:12]} {[%emt 00:01:09]} 20. Rd1
{[%clk 01:28:26]} {[%emt 00:00:24]} Rg8 {[%clk 01:27:45]} {[%emt 00:02:56]} 21.
Qe2 {[%clk 01:26:52]} {[%emt 00:02:04]} Qxc3 {[%clk 01:27:40]} {[%emt
00:00:35]} 22. Rh3 {[%clk 01:25:49]} {[%emt 00:01:33]} Qb4 {[%clk 01:27:37]}
{[%emt 00:00:33]} 23. Qc4 {[%clk 01:25:24]} {[%emt 00:00:55]} Qb6 {[%clk
01:27:48]} {[%emt 00:00:18]} 24. Rc3 {[%clk 01:23:56]} {[%emt 00:01:59]} 1-0

[Event "DVM U16 2021"]
[Site "Kiel GER"]
[Date "2022.07.24"]
[Round "4"]
[White "Weinberger, Maxim"]
[Black "Preissner, Laurenz"]
[Result "0-1"]
[Termination "normal"]
[Board "9.3"]
[WhiteElo "1153"]
[BlackElo "1586"]
[WhiteClock "01:03:33"]
[BlackClock "01:19:42"]
[WhiteTeam "SK Kelheim 1920"]
[BlackTeam "SC Weisse Dame e.V."]
[PlyCount "86"]
[WhiteFideId "16290330"]
[BlackFideId "34614419"]
[EventCountry "GER"]
[EventRounds "7"]
[EventType "team-swiss"]
[EventDate "2022.07.22"]

1. e4 {[%clk 01:30:59]} e5 {[%clk 01:30:57]} {[%emt 00:00:03]} 2. Nf3 {[%clk
01:31:24]} {[%emt 00:00:04]} Nc6 {[%clk 01:31:26]} {[%emt 00:00:03]} 3. Bc4
{[%clk 01:31:43]} {[%emt 00:00:10]} Nd4 {[%clk 01:31:52]} {[%emt 00:00:04]} 4.
Nxe5 {[%clk 01:28:15]} {[%emt 00:03:58]} Qg5 {[%clk 01:32:16]} {[%emt
00:00:06]} 5. Ng4 {[%clk 01:24:09]} {[%emt 00:04:36]} d5 {[%clk 01:32:35]}
{[%emt 00:00:11]} 6. d3 {[%clk 01:22:29]} {[%emt 00:02:10]} Qxg4 {[%clk
01:32:48]} {[%emt 00:00:17]} 7. Qxg4 {[%clk 01:22:33]} {[%emt 00:00:25]} Bxg4
{[%clk 01:33:14]} {[%emt 00:00:05]} 8. Bb3 {[%clk 01:22:46]} {[%emt 00:00:18]}
dxe4 {[%clk 01:32:46]} {[%emt 00:00:57]} 9. dxe4 {[%clk 01:23:05]} {[%emt
00:00:11]} O-O-O {[%clk 01:33:00]} {[%emt 00:00:16]} 10. O-O {[%clk 01:22:52]}
{[%emt 00:00:43]} Bc5 {[%clk 01:28:48]} {[%emt 00:04:42]} 11. Nc3 {[%clk
01:15:25]} {[%emt 00:07:57]} Rd6 {[%clk 01:22:07]} {[%emt 00:07:11]} 12. Bf4
{[%clk 01:11:10]} {[%emt 00:04:43]} Rg6 {[%clk 01:20:10]} {[%emt 00:02:28]} 13.
Bg3 {[%clk 01:03:57]} {[%emt 00:07:44]} h5 {[%clk 01:19:50]} {[%emt 00:00:50]}
14. h4 {[%clk 01:03:47]} {[%emt 00:00:40]} Be6 {[%clk 01:18:53]} {[%emt
00:01:27]} 15. Bxe6+ {[%clk 01:02:52]} {[%emt 00:01:24]} Nxe6 {[%clk 01:18:50]}
{[%emt 00:00:34]} 16. a3 {[%clk 01:02:06]} {[%emt 00:01:17]} Rxg3 {[%clk
01:19:13]} {[%emt 00:00:06]} 17. Ne2 {[%clk 01:02:05]} {[%emt 00:00:31]} Rg4
{[%clk 01:19:28]} {[%emt 00:00:16]} 18. b4 {[%clk 01:02:16]} {[%emt 00:00:18]}
Nd4 {[%clk 01:19:29]} {[%emt 00:00:29]} 19. Nxd4 {[%clk 01:02:33]} {[%emt
00:00:14]} Bxd4 {[%clk 01:19:54]} {[%emt 00:00:04]} 20. Rad1 {[%clk 01:02:54]}
{[%emt 00:00:09]} Bb6 {[%clk 01:19:39]} {[%emt 00:00:46]} 21. e5 {[%clk
01:02:28]} {[%emt 00:00:55]} Rxh4 {[%clk 01:19:17]} {[%emt 00:00:52]} 22. Rfe1
{[%clk 01:00:19]} {[%emt 00:02:40]} Rf4 {[%clk 01:18:43]} {[%emt 00:01:04]} 23.
Rd2 {[%clk 00:59:55]} {[%emt 00:00:54]} h4 {[%clk 01:17:20]} {[%emt 00:01:53]}
24. e6 {[%clk 00:59:31]} {[%emt 00:00:54]} fxe6 {[%clk 01:17:42]} {[%emt
00:00:07]} 25. Rxe6 {[%clk 00:59:48]} {[%emt 00:00:13]} h3 {[%clk 01:17:59]}
{[%emt 00:00:13]} 26. g3 {[%clk 00:59:46]} {[%emt 00:00:32]} h2+ {[%clk
01:17:33]} {[%emt 00:00:57]} 27. Kh1 {[%clk 01:00:09]} {[%emt 00:00:06]} Rd4
{[%clk 01:17:59]} {[%emt 00:00:04]} 28. Re8+ {[%clk 00:59:40]} {[%emt
00:00:59]} Kd7 {[%clk 01:18:00]} {[%emt 00:00:29]} 29. Rde2 {[%clk 00:59:17]}
{[%emt 00:00:52]} Rd1+ {[%clk 01:16:17]} {[%emt 00:02:14]} 30. Re1 {[%clk
00:59:38]} {[%emt 00:00:09]} Rxe1+ {[%clk 01:15:48]} {[%emt 00:00:59]} 31. Rxe1
{[%clk 01:00:07]} {[%emt 00:00:02]} Nf6 {[%clk 01:16:06]} {[%emt 00:00:12]} 32.
Rd1+ {[%clk 01:00:27]} {[%emt 00:00:09]} Kc6 {[%clk 01:16:23]} {[%emt
00:00:13]} 33. Kg2 {[%clk 01:00:28]} {[%emt 00:00:29]} Bxf2 {[%clk 01:16:01]}
{[%emt 00:00:52]} 34. Kxf2 {[%clk 01:00:44]} {[%emt 00:00:14]} h1=Q {[%clk
01:16:25]} {[%emt 00:00:06]} 35. Rxh1 {[%clk 01:01:08]} {[%emt 00:00:07]} Rxh1
{[%clk 01:16:48]} {[%emt 00:00:06]} 36. Ke3 {[%clk 01:01:26]} {[%emt 00:00:12]}
Rd1 {[%clk 01:17:10]} {[%emt 00:00:08]} 37. Kf4 {[%clk 01:01:44]} {[%emt
00:00:11]} Kd5 {[%clk 01:17:25]} {[%emt 00:00:15]} 38. Kf5 {[%clk 01:01:56]}
{[%emt 00:00:18]} Rf1 {[%clk 01:17:49]} {[%emt 00:00:07]} 39. Kg6 {[%clk
01:02:22]} {[%emt 00:00:04]} Ke6 {[%clk 01:18:11]} {[%emt 00:00:08]} 40. c4
{[%clk 01:02:38]} {[%emt 00:00:14]} Rg1 {[%clk 01:18:37]} {[%emt 00:00:04]} 41.
Kxg7 {[%clk 01:02:52]} {[%emt 00:00:16]} Rxg3+ {[%clk 01:19:01]} {[%emt
00:00:05]} 42. Kh6 {[%clk 01:03:15]} {[%emt 00:00:07]} Kf5 {[%clk 01:19:21]}
{[%emt 00:00:11]} 43. a4 {[%clk 01:03:33]} {[%emt 00:00:13]} Rg6+ {[%clk
01:19:42]} {[%emt 00:00:08]} 0-1

[Event "DVM U16 2021"]
[Site "Kiel GER"]
[Date "2022.07.24"]
[Round "4"]
[White "Matiashvili, Alexander Michael"]
[Black "Bangsa, Pandu"]
[Result "0-1"]
[Termination "normal"]
[Board "9.4"]
[WhiteElo "1397"]
[BlackElo "1457"]
[WhiteClock "01:01:17"]
[BlackClock "01:11:07"]
[WhiteTeam "SC Weisse Dame e.V."]
[BlackTeam "SK Kelheim 1920"]
[PlyCount "82"]
[WhiteFideId "16266242"]
[BlackFideId "16297873"]
[EventCountry "GER"]
[EventRounds "7"]
[EventType "team-swiss"]
[EventDate "2022.07.22"]

1. e4 {[%clk 01:30:59]} d5 {[%clk 01:30:51]} {[%emt 00:00:12]} 2. exd5 {[%clk
01:31:17]} {[%emt 00:00:09]} Qxd5 {[%clk 01:31:16]} {[%emt 00:00:05]} 3. Nc3
{[%clk 01:28:48]} {[%emt 00:03:00]} Qa5 {[%clk 01:31:13]} {[%emt 00:00:33]} 4.
d4 {[%clk 01:28:54]} {[%emt 00:00:24]} c6 {[%clk 01:27:00]} {[%emt 00:04:43]}
5. Nf3 {[%clk 01:27:31]} {[%emt 00:01:53]} Nf6 {[%clk 01:27:08]} {[%emt
00:00:22]} 6. Bd2 {[%clk 01:27:41]} {[%emt 00:00:19]} Bf5 {[%clk 01:25:31]}
{[%emt 00:02:06]} 7. Bc4 {[%clk 01:25:30]} {[%emt 00:02:42]} Nbd7 {[%clk
01:24:20]} {[%emt 00:01:41]} 8. O-O {[%clk 01:25:20]} {[%emt 00:00:41]} Qc7
{[%clk 01:23:29]} {[%emt 00:01:21]} 9. Re1 {[%clk 01:22:50]} {[%emt 00:02:59]}
e6 {[%clk 01:23:37]} {[%emt 00:00:22]} 10. Ne5 {[%clk 01:21:18]} {[%emt
00:02:02]} Bd6 {[%clk 01:22:01]} {[%emt 00:02:07]} 11. Bf4 {[%clk 01:21:10]}
{[%emt 00:00:37]} Ng4 {[%clk 01:20:14]} {[%emt 00:02:17]} 12. Nxg4 {[%clk
01:19:10]} {[%emt 00:02:30]} Bxf4 {[%clk 01:20:08]} {[%emt 00:00:36]} 13. h3
{[%clk 01:19:30]} {[%emt 00:00:10]} O-O-O {[%clk 01:19:29]} {[%emt 00:01:09]}
14. Bd3 {[%clk 01:12:30]} {[%emt 00:07:31]} Bg6 {[%clk 01:19:15]} {[%emt
00:00:44]} 15. Bxg6 {[%clk 01:12:13]} {[%emt 00:00:46]} hxg6 {[%clk 01:19:32]}
{[%emt 00:00:13]} 16. Qf3 {[%clk 01:11:40]} {[%emt 00:01:03]} Bd6 {[%clk
01:16:39]} {[%emt 00:03:24]} 17. Qxf7 {[%clk 01:10:03]} {[%emt 00:02:06]} Nf8
{[%clk 01:15:05]} {[%emt 00:02:05]} 18. Qxc7+ {[%clk 01:09:52]} {[%emt
00:00:40]} Bxc7 {[%clk 01:15:17]} {[%emt 00:00:18]} 19. Rad1 {[%clk 01:10:12]}
{[%emt 00:00:10]} Re8 {[%clk 01:15:16]} {[%emt 00:00:31]} 20. Ne5 {[%clk
01:08:24]} {[%emt 00:02:17]} Bxe5 {[%clk 01:12:55]} {[%emt 00:02:52]} 21. dxe5
{[%clk 01:08:16]} {[%emt 00:00:38]} Nd7 {[%clk 01:13:18]} {[%emt 00:00:07]} 22.
Ne4 {[%clk 01:08:31]} {[%emt 00:00:15]} Kc7 {[%clk 01:13:36]} {[%emt 00:00:12]}
23. Nd6 {[%clk 01:08:31]} {[%emt 00:00:30]} Ref8 {[%clk 01:13:47]} {[%emt
00:00:19]} 24. Rd3 {[%clk 01:06:57]} {[%emt 00:02:04]} Rf4 {[%clk 01:13:44]}
{[%emt 00:00:33]} 25. Rg3 {[%clk 01:05:51]} {[%emt 00:01:36]} Nxe5 {[%clk
01:13:34]} {[%emt 00:00:40]} 26. Nb5+ {[%clk 01:05:17]} {[%emt 00:01:04]} cxb5
{[%clk 01:13:45]} {[%emt 00:00:19]} 27. Rxe5 {[%clk 01:05:38]} {[%emt
00:00:09]} Rhf8 {[%clk 01:13:01]} {[%emt 00:01:14]} 28. f3 {[%clk 01:05:43]}
{[%emt 00:00:25]} Rb4 {[%clk 01:12:50]} {[%emt 00:00:41]} 29. b3 {[%clk
01:05:33]} {[%emt 00:00:40]} Kd6 {[%clk 01:10:21]} {[%emt 00:02:59]} 30. Reg5
{[%emt 00:00:36]} Rc8 {[%clk 01:10:42]} {[%emt 00:00:01]} 31. Rxg6 {[%clk
01:05:22]} {[%emt 00:00:43]} Rxc2 {[%clk 01:10:56]} {[%emt 00:00:16]} 32. Rxg7
{[%clk 01:04:38]} {[%emt 00:01:14]} Rxa2 {[%emt 00:00:46]} 33. Rxb7 {[%clk
01:04:40]} {[%emt 00:00:26]} Rxb3 {[%clk 01:10:59]} {[%emt 00:00:14]} 34. Rgg7
{[%clk 01:04:41]} {[%emt 00:00:28]} Rbb2 {[%clk 01:09:36]} {[%emt 00:01:53]}
35. Rxa7 {[%clk 01:04:14]} {[%emt 00:00:56]} Rxg2+ {[%clk 01:09:59]} {[%emt
00:00:08]} 36. Rxg2 {[%clk 01:04:18]} {[%emt 00:00:26]} Rxa7 {[%clk 01:10:21]}
{[%emt 00:00:07]} 37. Rb2 {[%clk 01:03:44]} {[%emt 00:01:05]} Kc5 {[%clk
01:10:27]} {[%emt 00:00:24]} 38. Kg2 {[%clk 01:04:00]} {[%emt 00:00:14]} Kc4
{[%clk 01:10:52]} {[%emt 00:00:05]} 39. h4 {[%clk 01:04:22]} {[%emt 00:00:08]}
b4 {[%clk 01:11:17]} {[%emt 00:00:05]} 40. Rc2+ {[%clk 01:02:37]} {[%emt
00:02:14]} Kd3 {[%clk 01:10:51]} {[%emt 00:00:57]} 41. Rf2 {[%clk 01:01:17]}
{[%emt 00:01:51]} b3 {[%clk 01:11:07]} {[%emt 00:00:13]} 0-1